000 00261cam a2200109ua 4500
082 _a604.2
_bJOH/EN
100 _aJohn, K C .
245 _aEngineering graphics for degree /
260 _aThrissur :
_bJet Publications ,
_c2004.
300 _a ; .
942 _cBK
999 _c13328
_d13328